Statistiken für Bayerns größte Städte

Klicken Sie hier um das Quiz zu spielen!

Allgemein

  • Dieses Quiz wurde 2.102 mal gespielt
  • Das Durchschnittsergebnis liegt bei 14 aus 20

Antwortstatistiken

HintAntwort% Korrekt
1.378. 000München
100%
510. 000Nürnberg
98%
266.000Augsburg
95%
136.000Regensburg
89%
133.000Würzburg
86%
126.000Ingolstadt
85%
116.000Fürth
82%
50.000Passau
80%
73.000Bayreuth
76%
106.000Erlangen
74%
70.000Bamberg
73%
61.000Rosenheim
66%
68.000Aschaffenburg
64%
46.000Hof
62%
64.000Landshut
57%
54.000Neu-Ulm
54%
53.000Schweinfurt
54%
62.000Kempten
53%
44.000Straubing
42%
45.000Freising
36%

Verteilung der Resultate

Perzentil nach korrekt beantworteten Fragen

Anzahl Personen mit jedem Resultat

Ihre Resultats-Entwicklung

Sie haben dieses Quiz noch nicht gespielt